|
|
|
|
| LEADER |
00000nam a2200000 a 4500 |
| 001 |
vtls001266490 |
| 003 |
SK-MaSNL |
| 005 |
20260301234601.0 |
| 008 |
240315s1988 xx 0 und |
| 035 |
|
|
|a SNK000217434
|
| 040 |
|
|
|a SNK
|b slo
|c SNK
|e AACR2
|
| 100 |
1 |
|
|a Horáček, Evžen
|4 aut
|9 539980
|
| 245 |
1 |
|
|a ČSN 73 1211 Navrhování betonových konstrukcí panelových budov
|b Komentář k ČSN 73 1211
|
| 260 |
|
|
|a Praha
|b ÚNM
|c 1988
|
| 300 |
|
|
|a 88 s.
|
| 958 |
|
|
|a OND
|
| 999 |
|
|
|c 970772
|d 972702
|
| 952 |
|
|
|t P60, <03>, [BOOK], {603}
|a SNK
|b SNK
|y PREZ
|7 0
|p 17A0018676
|o snkČSN 73 1211
|0 0
|1 0
|4 0
|d 1996-11-18
|l 0
|r 2005-01-01 00:00:00
|w 2026-02-24
|
| 952 |
|
|
|t P60, <04>, [BOOK], {604}
|a SNK
|b SNK
|y VYP
|7 0
|p 17A0240968
|o snkČSN 73 1211 D1
|0 0
|1 0
|4 0
|d 2000-05-27
|l 0
|r 2005-01-01 00:00:00
|w 2026-02-24
|